|
|
|
|
| LEADER |
01466nam a2200397Ia 4500 |
| 001 |
EBC1168205 |
| 003 |
MiAaPQ |
| 005 |
20200520144314.0 |
| 006 |
m o d | |
| 007 |
cr cn||||||||| |
| 008 |
121203s2013 stk s 000 0 eng d |
| 020 |
|
|
|z 0748670076 (hardback)
|
| 020 |
|
|
|z 0748670084 (pbk.)
|
| 020 |
|
|
|z 9780748670079
|
| 020 |
|
|
|z 9780748670086 (pbk.)
|
| 020 |
|
|
|z 9780748670093 (ebook)
|
| 035 |
|
|
|a (MiAaPQ)EBC1168205
|
| 035 |
|
|
|a (Au-PeEL)EBL1168205
|
| 035 |
|
|
|a (CaPaEBR)ebr10685020
|
| 035 |
|
|
|a (CaONFJC)MIL476902
|
| 035 |
|
|
|a (OCoLC)839305432
|
| 040 |
|
|
|a MiAaPQ
|c MiAaPQ
|d MiAaPQ
|
| 050 |
|
4 |
|a HG3368.A6
|b S25 2013
|
| 082 |
0 |
4 |
|a 332.1088297
|2 23
|
| 100 |
1 |
|
|a Salem, Rania Abdelfattah.
|
| 245 |
1 |
0 |
|a Risk management for Islamic banks
|h [electronic resource] /
|c Rania Abdelfattah Salem.
|
| 260 |
|
|
|a Edinburgh :
|b Edinburgh University Press,
|c c2013.
|
| 300 |
|
|
|a x, 222 p.
|
| 490 |
1 |
|
|a Edinburgh guides to Islamic finance
|
| 533 |
|
|
|a Electronic reproduction. Ann Arbor, MI : ProQuest, 2015. Available via World Wide Web. Access may be limited to ProQuest affiliated libraries.
|
| 650 |
|
0 |
|a Banks and banking
|x Religious aspects
|x Islam.
|
| 650 |
|
0 |
|a Financial institutions
|x Religious aspects
|x Islam.
|
| 655 |
|
4 |
|a Electronic books.
|
| 710 |
2 |
|
|a ProQuest (Firm)
|
| 830 |
|
0 |
|a Edinburgh guides to Islamic finance.
|
| 856 |
4 |
0 |
|u https://ebookcentral.proquest.com/lib/matrademy/detail.action?docID=1168205
|z Click to View
|